000 00839nam a22003137a 4500
001 BR0704756
003 BR-BrBNA
005 20230928102534.0
007 ta
008 230509b bl.||||| |||| 00| 0 por d
040 _aBR-BrBNA
_bpor
_cBiblioteca Nacional de Agricultura
041 _a(Por)
072 _aL51
_b6000
090 _ 6000 BR0704756
100 1 _aSilveira, E. de F.
245 1 _aAlimentação das aves
260 3 _aSão Paulo, SP (Brasil):
_bChácaras e Quintais,
_c1946.
300 _a60 p.
500 _aDocumento microfilmado e tratado BR7314236
650 _aAVE DOMÉSTICA
650 _aNUTRIÇÃO ANIMAL
650 _aRAÇÃO
650 _aCRESIMENTO
650 _aPRODUÇÃO ANIMAL
650 _aENGORDA
650 _aREPRODUÇÃO ANIMAL
909 _a202309
_bLucia
_c55
_dLucia Elande
942 _cBK
999 _c71277
_d71277